| 000 | 01214nam a2200217 a 4500 | ||
|---|---|---|---|
| 001 | 000007848 | ||
| 005 | 20200929154323.0 | ||
| 008 | 090911s2003 dr ad 001 0 spa d | ||
| 040 |
_aDO-SdBNP _bspa _cBNPHU |
||
| 082 |
_a657 _bA239c |
||
| 100 | 1 |
_aAdón, Juan Lauterio _921595 |
|
| 245 | 1 | 0 |
_aCurso-taller laboratorio práctico de contabilidad : _bmanual de instrucción teórico / _cJuan Lauterio Adón. |
| 260 |
_a[Santo Domingo] : _bImpresora Metropolitana, _c2003. |
||
| 300 |
_a150 p. : _bil.,tabls. ; _c23 cm. + _emanual de instrucción práctico (extraviado) |
||
| 504 | _aBibliografía: p.149-150. | ||
| 505 | 0 |
_tManual de Instrucción Teórico: _tPrograma laboratorio práctico de contabilidad -- _tConstitución de empresas -- _tSecretaría de Industria y Comercio -- _tCámara de Comercio y producción de Santo Domingo -- _tSecretaría de Estado de Trabajo -- _tDirección General de Impuesto Interno (DGII) -- _tManual de Instrucción Práctico: _tCurso Laboratorio Práctico de Contabilidad: ejercicios y formularios. |
|
| 590 | _aInventariado, 2018/ YL | ||
| 650 | 4 |
_aContabilidad _xManuales _921596 |
|
| 650 | 4 |
_aContabilidad _xProblemas, ejercicios, etc. _921597 |
|
| 910 | _aValidado. Control de calidad EMS | ||
| 999 |
_c7626 _d7626 |
||